| 000 | 00826pam a2200277 i 4500 | ||
|---|---|---|---|
| 999 |
_c531622 _d531622 |
||
| 001 | 2235240 | ||
| 003 | NUST | ||
| 005 | 20191022123937.0 | ||
| 008 | 760923s1977 nyua b 001 0 eng | ||
| 010 | _a 76046371 | ||
| 020 |
_a0670561606 : _c$8.95 |
||
| 038 | _awaseem | ||
| 040 |
_aDLC _cDLC _dDLC |
||
| 043 | _an-us--- | ||
| 050 | 0 | 0 |
_aHQ784.T4 _bW494 1977 |
| 082 | 0 | 0 |
_a791.45013 _bWIN |
| 100 | 1 |
_aWinn, Marie. _924511 |
|
| 245 | 1 | 4 |
_aThe plug-in drug / _cMarie Winn. |
| 260 |
_aNew York : _bViking Press, _c1977. |
||
| 300 |
_axii, 231 p. : _bill. ; _c22 cm. |
||
| 504 | _aIncludes bibliographical references and index. | ||
| 650 | 0 |
_aTelevision and children. _924512 |
|
| 650 | 0 |
_aChildren's television programs _zUnited States. _924513 |
|
| 906 |
_a7 _bcbc _corignew _d1 _eocip _f19 _gy-gencatlg |
||
| 942 |
_2ddc _cBK |
||